000
00332 a2200157 4500
001
187674
020
_a
85-305-0240-X
040
_c
Magnum
100
_a
Galdino, Luiz de Alvarenga
240
1
0
_a
Primeiro amor
_l
por
245
1
0
_a
Primeiro amor
300
_a
127
362
0
_a
2001
697
_a
LITERATURA JUVENIL
942
_c
BK
999
_c
187674
_d
187674